| 000 | 00522ntaaa2200193 4500 | ||
|---|---|---|---|
| 003 | 01 | ||
| 005 | 20251027202307.0 | ||
| 008 | 0714s1973 ag 01 | ||
| 040 |
_aAR-BaBN _bspa _cAR-BaBN _eaacr _dRIC |
||
| 082 | _a277.3000 H86 | ||
| 245 | _aNationalism and religion in America | ||
| 250 | _a1 ed. | ||
| 260 |
_aNew York : _bHarper and Row, _c1970 |
||
| 300 | _a211 p | ||
| 500 | _aConcepts of American identity and mission | ||
| 650 |
_anacionalismo-religion _921471 |
||
| 700 |
_aHudson, Winthrop S _91559 |
||
| 942 | _cBK | ||
| 999 |
_c17721 _d17721 |
||